Public procurement in Scotland (Record no. 113005)

MARC details
000 -LEADER
fixed length control field 01147cad a22002055a 4500
001 - CONTROL NUMBER
control field E154480
008 - FIXED-LENGTH DATA ELEMENTS--GENERAL INFORMATION
fixed length control field 111213s2011 xxk f 000 0 eng d
020 ## - INTERNATIONAL STANDARD BOOK NUMBER
International Standard Book Number 9781873190654
035 ## - SYSTEM CONTROL NUMBER
System control number (Sirsi) u154480
041 0# - LANGUAGE CODE
Language code of text/sound track or separate title eng
110 2# - MAIN ENTRY--CORPORATE NAME
Corporate name or jurisdiction name as entry element Royal Incorporation of Architects In Scotland
9 (RLIN) 2351
245 00 - TITLE STATEMENT
Title Public procurement in Scotland
Remainder of title building a better future
Medium [electronic resource]
260 ## - PUBLICATION, DISTRIBUTION, ETC.
Place of publication, distribution, etc. Edinburgh
Name of publisher, distributor, etc. RIAS
Date of publication, distribution, etc. 2011
520 ## - SUMMARY, ETC.
Summary, etc. Presents the results of a President's Commission set up to examine public sector procurement. Looks at: barriers to entry for Scottish small and medium sized enterprises; the expertise currently available in public sector procurement; the quality of new buildings; the cost and value for money of services provided through public sector procurement. Makes recommendations for improvements to the system of public procurement.
590 ## - LOCAL NOTE (RLIN)
Local note KA
651 #4 - SUBJECT ADDED ENTRY--GEOGRAPHIC NAME
Geographic name Scotland
Chronological subdivision 1999-
690 ## - LOCAL SUBJECT ADDED ENTRY--TOPICAL TERM (OCLC, RLIN)
Topical term or geographic name as entry element Procurement
9 (RLIN) 6260
856 40 - ELECTRONIC LOCATION AND ACCESS
Uniform Resource Identifier <a href="https://www.rias.org.uk/rias/news/2011/december/rias-calls-for-radical-overhaul-of-construction-procurement-in-scotland/">https://www.rias.org.uk/rias/news/2011/december/rias-calls-for-radical-overhaul-of-construction-procurement-in-scotland/</a>
Public note View the report free of charge at www.rias.org.uk
942 ## - ADDED ENTRY ELEMENTS (KOHA)
Suppress in OPAC 0
Holdings
Withdrawn status Lost status Source of classification or shelving scheme Damaged status Not for loan Home library Current library Shelving location Date acquired Total Checkouts Full call number Barcode Date last seen Copy number Price effective from Koha item type
    Dewey Decimal Classification     Virtual Virtual Online 13/12/2011   ONLINE PUBLICATION 154480-1001 06/08/2019 1 06/08/2019 Book